Golden State Warriors leading scorers each game (2024-2025 season) - Statistics

General Stats
  • This quiz has been taken 44 times
  • The average score is 7 of 10
Answer Stats
# of games Player % Correct
39 Stephen Curry
100%
2 Draymond Green
95%
4 Jimmy Butler
92%
12 Buddy Hield
79%
2 Brandin Podziemski
74%
8 Jonathan Kuminga
72%
12 Andrew Wiggins
69%
1 Moses Moody
69%
1 Gary Payton II
41%
1 Dennis Schroder
18%
No matching quizzes found
Score Distribution
Percent of People with Each Score
Percentile by Number Answered
Your Score History
You have not taken this quiz